[Event "45th FIDE Chess Olympiad Open"]
[Site "Budapest, Hungary"]
[Date "2024.09.11"]
[Round "1.243"]
[White "Mafnas, Peter"]
[Black "Ribera Veganzones, Serni"]
[Result "0-1"]
[WhiteElo "1886"]
[BlackElo "2309"]
[PlyCount "78"]
[EventDate "2024.??.??"]
[WhiteTeam "Guam"]
[BlackTeam "Andorra"]
[WhiteTeamCountry "GMA"]
[BlackTeamCountry "AND"]
[WhiteClock "0:14:53"]
[BlackClock "0:13:01"]

1. c4 e6 2. Nc3 d5 3. d4 Nf6 4. e3 Be7 5. Nf3 O-O 6. Bd3 a6 7. O-O dxc4 8. Bxc4 b5 9. Bd3 Bb7 10. a3 c5 11. dxc5 Bxc5 12. b4 Be7 13. Bb2 Nbd7 14. Rc1 Rc8 15. e4 $146 ({RR} 15. Qe2 Bxf3 16. Qxf3 Ne5 17. Bxh7+ Nxh7 18. Qb7 Nc4 19. Ba1 Nxa3 20. Qxa6 Bxb4 21. Nxb5 Nxb5 22. Qxb5 Qa5 23. Qe2 Bc3 24. Qc2 Bxa1 25. Qxc8 Rxc8 26. Rxc8+ Nf8 27. g3 Qa6 28. Rfc1 Bb2 29. R1c2 Bf6 {Ioan,D (1587)-Cirlig,I (1580) Voineasa 2010 0-1 (97)}) ({RR} 15. Ne2 Nb6 16. Bd4 Nc4 17. Bxc4 bxc4 18. Ne5 a5 19. Nf4 axb4 20. axb4 Bd6 21. b5 Qe7 22. Rxc4 Rxc4 23. Nxc4 e5 24. Bb6 Bb8 25. Nd3 Qe6 26. Ndb2 Bd5 27. Qa4 Bxc4 28. Nxc4 Rc8 29. Rd1 Nd7 {Aliev,K (2325)-Haba,P (2526) Pardubice 2005 0-1 (31)}) ({RR} 15. Be2 Nb6 16. Qxd8 Rfxd8 17. Rfd1 Nc4 18. Rxd8+ Bxd8 19. Bxc4 Rxc4 20. Ne5 Rc8 21. Ne2 Bc7 22. Nd3 Nd7 23. f4 f6 24. Nd4 Bb6 25. Rxc8+ Bxc8 26. Kf2 Kf7 27. Nb3 Bc7 28. Ndc5 Nb6 29. Na5 Nd5 {Barreto Junior,W (2155)-Reis,P (2379) Juazeiro do Norte 2018 ½-½ (31)}) 15... Nb6 16. Qe2 Nc4 17. Rfd1 Nxb2 18. Qxb2 Qb6 19. Qe2 Rfd8 20. Nd2 Nd7 21. e5 Qd4 22. Nb3 Qxe5 23. Ne4 Bd5 24. f4 Qxf4 25. Rf1 Rxc1 26. Nxc1 Qe5 27. Qc2 f5 28. Ng3 Nf6 29. Nce2 Ng4 30. Nf4 Ne3 31. Qe2 Qd4 32. Qf2 Bg5 33. Nge2 Qe5 34. Re1 Nxg2 35. Nxg2 Bxg2 36. Qxg2 Bd2 37. Rd1 Rxd3 38. Kf1 Qd5 39. Qxd5 Rxd5 0-1

[Event "45th FIDE Chess Olympiad Open"]
[Site "Budapest, Hungary"]
[Date "2024.09.11"]
[Round "1.244"]
[White "Ribera Veganzones, Josep Maria"]
[Black "Combs, Daniel"]
[Result "1-0"]
[WhiteElo "2167"]
[BlackElo "1688"]
[PlyCount "35"]
[EventDate "2024.??.??"]
[WhiteTeam "Andorra"]
[BlackTeam "Guam"]
[WhiteTeamCountry "AND"]
[BlackTeamCountry "GMA"]
[WhiteClock "1:13:03"]
[BlackClock "1:01:41"]

1. e4 e6 2. d4 d5 3. Nc3 Bb4 4. e5 c5 5. a3 Bxc3+ 6. bxc3 Ne7 7. Qg4 O-O 8. Bd3 Nbc6 9. Nf3 Bd7 ({RR} 9... Nf5 10. O-O Qa5 11. a4 c4 12. Bxf5 exf5 13. Qg3 f4 14. Bxf4 Bf5 15. Bd2 Bxc2 16. h4 f6 17. Rfe1 Be4 18. h5 fxe5 19. Nxe5 Nxd4 20. Nxc4 dxc4 21. Rxe4 Nf5 22. Qe5 Qxe5 23. Rxe5 Rad8 24. Be1 {Remizov,Y (2396)-Firouzja,A (2785) chess.com INT 2022 ½-½ (113)}) ({RR} 9... Qc7 10. Bxh7+ Kxh7 11. Qh5+ Kg8 12. Ng5 Rd8 13. Qh7+ Kf8 14. Qh8+ Ng8 15. Nh7+ Ke7 16. Qxg7 cxd4 17. Bg5+ Kd7 18. Qxf7+ Nce7 19. Nf6+ Nxf6 20. exf6 Qe5+ 21. Kf1 Qxg5 22. Qxe7+ Kc6 23. Qxd8 dxc3 24. Qe8+ {Kesselmeier,K (2011)-Shahsanam,A (1782) Dusseldorf GER 2023 1-0 (33)}) 10. Bxh7+ Kxh7 $146 11. Qh5+ Kg8 12. Ng5 Re8 13. Qh7+ Kf8 14. Qh8+ Ng8 15. Nh7+ Ke7 16. Bg5+ Nf6 17. Bxf6+ gxf6 18. Qxf6# 1-0

[Event "45th FIDE Chess Olympiad Open"]
[Site "Budapest, Hungary"]
[Date "2024.09.11"]
[Round "1.245"]
[White "Romanov, Evgeny"]
[Black "Tchouka, Yakini"]
[Result "1-0"]
[WhiteElo "2567"]
[BlackElo "1932"]
[PlyCount "95"]
[EventDate "2024.??.??"]
[WhiteTeam "North Macedonia"]
[BlackTeam "Togo"]
[BlackTeamCountry "TOG"]
[WhiteClock "0:15:38"]
[BlackClock "0:00:58"]

1. c4 e6 2. g3 Nf6 3. Bg2 d5 4. Nf3 Be7 5. O-O O-O 6. d4 Nbd7 7. Qc2 c6 8. Nc3 b6 9. Nd2 ({RR} 9. Bf4 Bb7 10. e4 dxc4 11. h4 h6 12. Rad1 Re8 13. Rfe1 b5 14. Qc1 Bf8 15. Bh3 b4 16. Nb1 c5 17. dxc5 Bxc5 18. Ne5 Qe7 19. Nxd7 Nxd7 20. Qxc4 Nb6 21. Qe2 e5 22. Bc1 Rad8 23. Nd2 Nc8 {Colmenares,A (2320)-Renet,O (2428) Switzerland SUI 2024 ½-½}) 9... Bb7 10. e4 dxc4 11. Nxc4 Ba6 $146 ({RR} 11... b5 12. Ne3 Rc8 13. Rd1 Qb6 14. b3 Rfd8 15. Bb2 a5 16. Rac1 Nf8 17. h4 Rd7 18. a3 Rcd8 19. e5 Ne8 20. Ne4 f5 21. Nc5 Bxc5 22. Qxc5 Qxc5 23. Rxc5 Rc7 24. Rdc1 Nd7 25. R5c2 Rdc8 26. Bc3 {Brychta,D (2115)-Snorek,M (2195) Ceske Budejovice 2000 1-0 (49)}) 12. Ne2 c5 13. d5 exd5 14. exd5 Bxc4 15. Qxc4 Bd6 16. Qa6 Qc8 17. Qa4 Re8 18. Nc3 a6 19. Qc6 Qb8 20. Bg5 Rc8 21. Qa4 b5 22. Qc2 Re8 23. a4 b4 24. Nd1 h6 25. Bxf6 Nxf6 26. a5 Ra7 27. Ne3 Rae7 28. Nc4 b3 29. Qd3 Ng4 30. Ra3 Ne5 31. Nxe5 Bxe5 32. Rxb3 Qd8 33. Qxa6 Bd4 34. Qb6 Qd7 35. Qc6 Qa7 36. d6 Re1 37. Qc7 Qa6 38. Rf3 Rxf1+ 39. Bxf1 Re1 40. Qxf7+ Kh8 41. Qe8+ Rxe8 42. Bxa6 Rd8 43. Bd3 Bf6 44. a6 c4 45. Bxc4 Rxd6 46. a7 Rd1+ 47. Kg2 Ra1 48. Ra3 1-0

[Event "45th FIDE Chess Olympiad Open"]
[Site "Budapest, Hungary"]
[Date "2024.09.11"]
[Round "1.246"]
[White "Egbe, Kossi Thierry"]
[Black "Lazov, Toni"]
[Result "0-1"]
[WhiteElo "1847"]
[BlackElo "2360"]
[PlyCount "66"]
[EventDate "2024.??.??"]
[WhiteTeam "Togo"]
[BlackTeam "North Macedonia"]
[WhiteTeamCountry "TOG"]
[WhiteClock "0:02:20"]
[BlackClock "0:04:28"]

1. e4 c5 2. Nf3 d6 3. Bb5+ Nd7 4. c4 g6 5. d4 a6 6. Ba4 Bg7 7. O-O cxd4 8. Nxd4 Ngf6 9. Nc3 O-O 10. Bxd7 Bxd7 11. Be3 Rc8 12. Qd3 Ng4 13. b3 $146 ({RR} 13. Bd2 Ne5 14. Qe2 Nxc4 15. Be3 Nxe3 16. Qxe3 Qb6 17. Rfd1 Bxd4 18. Rxd4 Bc6 19. Qd2 Rfe8 20. h4 Qa5 21. Re1 b5 22. a3 h5 23. Qh6 Qb6 24. Rd3 Qc5 25. Rg3 Qe5 26. Ree3 Qg7 27. Qg5 e5 {Viskelis,D (2167)-Montano Vicente,G (1971) chess.com INT 2024 0-1 (55)}) 13... Nxe3 14. fxe3 Rc5 15. Rf2 Rh5 16. Raf1 e6 17. Nce2 b5 18. cxb5 axb5 19. b4 d5 20. Ng3 Re5 21. exd5 Rxd5 22. Qe4 Qe7 23. a3 f5 24. Qd3 Qd6 25. Qb3 Bxd4 26. exd4 Rxd4 27. Re2 Rc8 28. Rfe1 Rd3 29. Qa2 Rcc3 30. Qb2 Qd4+ 31. Kh1 Bc6 32. Rf2 Bd5 33. Ne2 Qxf2 0-1

[Event "45th FIDE Chess Olympiad Open"]
[Site "Budapest, Hungary"]
[Date "2024.09.11"]
[Round "1.247"]
[White "Nikolovski, Nikola"]
[Black "Amewounou, Komlan Kouessan"]
[Result "1-0"]
[WhiteElo "2388"]
[BlackElo "1825"]
[PlyCount "83"]
[EventDate "2024.??.??"]
[WhiteTeam "North Macedonia"]
[BlackTeam "Togo"]
[BlackTeamCountry "TOG"]
[WhiteClock "0:01:09"]
[BlackClock "0:00:59"]

1. e4 d6 2. Nc3 g6 3. f4 Nf6 4. Bc4 Bg7 5. d3 Nbd7 ({RR} 5... c6 6. Bb3 Nbd7 7. Nf3 Nc5 8. Be3 Nxb3 9. axb3 a6 10. h3 b5 11. O-O O-O 12. Qe1 e6 13. Qh4 Bb7 14. f5 exf5 15. exf5 d5 16. Bh6 Nh5 17. Bg5 Nf6 18. Rae1 Qd6 19. Bf4 Qc5+ 20. d4 {Mitkov,N (2470)-Zabasajja,W (2280) Yerevan 1996 1-0 (43)}) ({RR} 5... Nc6 6. Be3 Ng4 7. Bd2 a6 8. h3 Nf6 9. g4 b5 10. Bb3 Nd4 11. Nf3 Nxb3 12. axb3 Bb7 13. Qc1 Nd7 14. f5 Ne5 15. Nxe5 Bxe5 16. Bf4 e6 17. Bxe5 dxe5 18. fxe6 Qh4+ 19. Ke2 fxe6 20. Qe3 {Zoehrer,S (1708)-Roos,K (1836) Austria 2017 ½-½ (31)}) 6. Nf3 c6 7. a4 $146 ({RR} 7. e5 dxe5 8. fxe5 Nd5 9. d4 N7b6 10. Bb3 Bf5 11. O-O O-O 12. Qe1 a5 13. a4 Nxc3 14. bxc3 Nd5 15. Bd2 b6 16. Qh4 e6 17. Bg5 f6 18. exf6 Bxf6 19. Rae1 Ra7 20. g4 Bxg5 21. Nxg5 h6 {Polkowski,P (2191)-Ciechonski,P (1808) Wojewodztwo Lubelskie 2013 1-0 (43)}) 7... e5 8. fxe5 Nxe5 9. Nxe5 dxe5 10. O-O O-O 11. Qf3 Be6 12. Bxe6 fxe6 13. Qh3 Qb6+ 14. Be3 Qxb2 15. Bd2 Qb6+ 16. Kh1 c5 17. Nb5 Nh5 18. Rfb1 Nf4 19. Qg4 Rf7 20. Na3 Qc6 21. Nc4 Raf8 22. Be3 b6 23. Kg1 h5 24. Qd1 Kh7 25. Qd2 g5 26. h3 Qc7 27. a5 bxa5 28. Rxa5 Rb8 29. Rba1 Rb7 30. Rxc5 Qe7 31. Rca5 Qf6 32. Nxe5 Rfc7 33. d4 Rb2 34. Rc1 Qd8 35. Nf3 Rcxc2 36. Rxc2 Rxc2 37. Nxg5+ Qxg5 38. Rxg5 Rxd2 39. Bxd2 Ne2+ 40. Kf1 Nxd4 41. Rxh5+ Kg8 42. Bc3 1-0

[Event "45th FIDE Chess Olympiad Open"]
[Site "Budapest, Hungary"]
[Date "2024.09.11"]
[Round "1.248"]
[White "Semeko, Lumen Paco"]
[Black "Risteski, Emil"]
[Result "0-1"]
[WhiteElo "1740"]
[BlackElo "2367"]
[PlyCount "68"]
[EventDate "2024.??.??"]
[WhiteTeam "Togo"]
[BlackTeam "North Macedonia"]
[WhiteTeamCountry "TOG"]
[WhiteClock "0:00:33"]
[BlackClock "0:54:58"]

1. Nf3 Nf6 2. b3 d5 3. Bb2 e6 4. e3 Bd6 5. d4 O-O 6. Bd3 b6 7. Nbd2 c5 ({RR} 7... Bb7 8. c4 Nbd7 9. a4 a5 10. O-O Qe7 11. Ne5 c5 12. Nxd7 Nxd7 13. cxd5 exd5 14. dxc5 bxc5 15. Re1 Nf6 16. Qc2 h6 17. e4 d4 18. e5 Ng4 19. exd6 Qh4 20. Nf1 {1-0 (20) Nakamura,H (2750)-Oparin,G (2674) Chess.com INT 2022}) ({RR} 7... Bb7 8. O-O c5 9. Ne5 Ne4 10. f4 Nxd2 11. Qxd2 f6 12. Nf3 Qc7 13. f5 c4 14. Be2 exf5 15. bxc4 dxc4 16. d5 Nd7 17. h3 Rac8 18. Qe1 Bxd5 19. Nd4 g6 20. Bf3 Bxf3 21. Rxf3 Nc5 22. Qh4 {Alahakoon,I (1948)-Stepanencu,N (2296) chess.com INT 2024 0-1 (33)}) 8. c4 cxd4 9. exd4 Bb7 $146 ({RR} 9... dxc4 10. bxc4 Bb7 11. O-O Nbd7 12. Re1 Re8 13. Qc2 Nf8 14. Ne4 Nxe4 15. Bxe4 Bxe4 16. Rxe4 Ng6 17. Rae1 Qd7 18. d5 exd5 19. cxd5 Rxe4 20. Qxe4 Kf8 21. h3 f6 22. Nd4 Re8 23. Ne6+ Kf7 24. Qf5 {Romczik,D (2170)-Schmitz,M (2042) Bad Woerishofen 1999 0-1 (39)}) 10. O-O Nc6 11. Ne5 dxc4 12. Ndxc4 Be7 13. Rc1 Rc8 14. Nxc6 Rxc6 15. Be2 Nd5 16. a3 Bg5 17. Rc2 Qc7 18. Bd3 b5 19. Ne5 Rxc2 20. Bxc2 Nf4 21. f3 Rc8 22. Be4 Bxe4 23. fxe4 Qc2 24. Qxc2 Rxc2 25. Ba1 f6 26. Nf3 Rxg2+ 27. Kh1 Re2 28. Nxg5 fxg5 29. h4 gxh4 30. Rxf4 Re1+ 31. Kg2 Rxa1 32. d5 exd5 33. exd5 Rd1 34. Rf5 Rd3 0-1

[Event "45th FIDE Chess Olympiad Open"]
[Site "Budapest, Hungary"]
[Date "2024.09.11"]
[Round "1.253"]
[White "Murphy, Conor E"]
[Black "Kumar, Manoj"]
[Result "1-0"]
[WhiteElo "2453"]
[BlackElo "1951"]
[PlyCount "97"]
[EventDate "2024.??.??"]
[WhiteTeam "Ireland"]
[BlackTeam "Fiji"]
[WhiteTeamCountry "IRL"]
[BlackTeamCountry "FIJ"]
[WhiteClock "0:43:18"]
[BlackClock "0:29:09"]

1. e4 {Yermolinsky,Alex} e5 2. Nf3 Nc6 3. Bc4 Bc5 4. O-O Nf6 5. d3 d6 6. c3 a6 7. a4 Ba7 8. Re1 h6 9. Nbd2 O-O 10. h3 Re8 11. b4 Be6 12. Bxe6 Rxe6 13. Qc2 b5 ({RR} 13... Ne7 14. Nf1 Ng6 15. c4 a5 16. bxa5 Ne7 17. Rb1 Rb8 18. Bd2 Nc6 19. Ng3 Nd7 20. Rb5 Nc5 21. Reb1 Qc8 22. Be3 Re8 23. Nf5 Ne6 24. Qd2 ({RR} 24. a6 bxa6 25. Rxb8 Bxb8 26. c5) 24... h5 25. d4 exd4 ({RR} 25... g6 26. d5 gxf5 27. exf5 Nc5 28. Bxc5 Qxf5 29. Bxa7 Nxa7 30. Rxb7) 26. N3xd4 Nexd4 27. Nxd4 Bxd4 28. Bxd4 {Karjakin,S (2776)-Carlsen,M (2851) Paris 2017 CBM 179 [Yermolinsky,Alex ] 1-0 (86)} {RR} Qe6 ({RR} 28... Nxd4 29. Qxd4 g6 30. f4) 29. Rxb7 Rxb7 30. Rxb7 Qxc4 31. Bc3 Ne5 32. f3) ({RR} 13... Qd7) 14. Nb3 $146 ({RR} 14. axb5 axb5 15. Ra2 d5 16. exd5 Nxd5 17. Ba3 Nf4 18. d4 exd4 19. Rxe6 Nxe6 20. c4 d3 21. Qb1 bxc4 22. Nxc4 Nf4 23. b5 Nd4 24. Nce5 Nde2+ 25. Kf1 Qd5 26. Nc6 Bc5 {0-1 (26) Parfenov,V (2193)-Chitre Arush (2235) chess.com INT 2024}) 14... Bb6 15. Bd2 Rb8 16. c4 Nd4 17. Nfxd4 Bxd4 18. Nxd4 exd4 19. axb5 axb5 20. cxb5 Rxb5 21. Qc4 Rb8 22. Qxd4 c5 23. bxc5 dxc5 24. Qc4 Qd4 25. Qxd4 cxd4 26. Ra4 Nd7 27. Rxd4 Nc5 28. Rd5 Nb3 29. Be3 Ra6 30. Rb1 Ra1 31. Rxa1 Nxa1 32. Rc5 Nb3 33. Rc3 Kf8 34. g4 Ke7 35. h4 Rb7 36. Kg2 Ke6 37. h5 Na5 38. f4 Kd7 39. Kf3 Nc6 40. d4 Rb1 41. Ra3 Rb7 42. d5 Ne7 43. Ra7 Rxa7 44. Bxa7 Kd6 45. Ke3 Nc8 46. Bd4 f6 47. Kd3 Ne7 48. Kc4 Kd7 49. Bc5 1-0

[Event "45th FIDE Chess Olympiad Open"]
[Site "Budapest, Hungary"]
[Date "2024.09.11"]
[Round "1.254"]
[White "Prasad, Rudr"]
[Black "Baburin, Alexander"]
[Result "1/2-1/2"]
[WhiteElo "1777"]
[BlackElo "2376"]
[PlyCount "75"]
[EventDate "2024.??.??"]
[WhiteTeam "Fiji"]
[BlackTeam "Ireland"]
[WhiteTeamCountry "FIJ"]
[BlackTeamCountry "IRL"]
[WhiteClock "0:08:32"]
[BlackClock "0:02:17"]

1. d4 Nf6 2. Nf3 e6 3. Bf4 c5 4. c3 Nc6 5. e3 Nh5 6. Bg3 Qb6 7. Qc2 Nxg3 8. hxg3 g6 9. Nbd2 d5 10. Be2 Bg7 11. O-O O-O $146 ({RR} 11... cxd4 12. exd4 Bd7 13. Rfe1 Rc8 14. Qd3 O-O 15. Ne5 Nxe5 16. dxe5 Bxe5 17. Nf3 Bg7 18. Qd2 Bc6 19. c4 Rfd8 20. Qc2 dxc4 21. Bxc4 Bd5 22. b3 Qb4 23. Rad1 b5 24. Qb1 bxc4 25. bxc4 Qxb1 26. Rxb1 {Lakshmi Priya Batta (1420)-Miladinovic,L (2111) FIDE Online Arena INT 2024 0-1 (36)}) 12. Nb3 cxd4 13. exd4 Qc7 14. Rac1 b6 15. Rfe1 Bd7 16. Qd2 a5 17. Qf4 Qxf4 18. gxf4 Ne7 19. Ne5 Be8 20. Nd2 Nf5 21. Bd3 Nd6 22. c4 dxc4 23. Ndxc4 Nxc4 24. Bxc4 Rd8 25. Red1 Bf6 26. a3 Kg7 27. d5 Ba4 28. b3 Bxe5 29. fxe5 exd5 30. Rxd5 Rxd5 31. Bxd5 Rd8 32. Bxf7 Kxf7 33. bxa4 Rd4 34. Rc3 Ke6 35. Rc6+ Kxe5 36. Rxb6 Rxa4 37. Rb3 Rd4 38. Kf1 1/2-1/2

[Event "45th FIDE Chess Olympiad Open"]
[Site "Budapest, Hungary"]
[Date "2024.09.11"]
[Round "1.255"]
[White "Kanyamarala, Tarun"]
[Black "Terubea, Ronald"]
[Result "1-0"]
[WhiteElo "2361"]
[BlackElo "1836"]
[PlyCount "47"]
[EventDate "2024.??.??"]
[WhiteTeam "Ireland"]
[BlackTeam "Fiji"]
[WhiteTeamCountry "IRL"]
[BlackTeamCountry "FIJ"]
[WhiteClock "0:56:08"]
[BlackClock "0:12:28"]

1. Nf3 d5 2. e3 a6 3. c4 ({RR} 3. g3 g6 4. Bg2 Bg7 5. d4 Nf6 6. O-O O-O 7. Nbd2 Nbd7 8. c4 c5 9. cxd5 Nxd5 10. Ne4 cxd4 11. Nxd4 Qb6 12. Qa4 Rd8 13. Bd2 Bxd4 14. Ba5 Qb5 15. Qxb5 axb5 16. Bxd8 Bxb2 17. Rad1 N7b6 {Terry,R (2516)-Sarana,A (2668) chess.com INT 2023 ½-½ (111)}) 3... Nf6 ({RR} 3... e6 4. b3 Be7 5. Bb2 Bf6 6. Nc3 Ne7 7. g3 O-O 8. Bg2 Nbc6 9. O-O g6 10. d4 b6 11. Qe2 Bb7 12. Rfd1 Na5 13. e4 dxe4 14. Nxe4 Bg7 15. Ne5 Qc8 16. h4 Nac6 17. h5 Nf5 18. hxg6 {Perez Gormaz,M (2384)-Bournel,A (2332) chess.com INT 2024 0-1 (55)}) 4. cxd5 $146 ({RR} 4. Nc3 Nc6 5. Qb3 e6 6. a3 Be7 7. d4 O-O 8. Qc2 Na5 9. c5 Bd7 10. b4 Nc6 11. Bd3 Na7 12. Ne5 {½-½ (12) Rogozhin,V-Trifonova,I Khimki 2010}) ({RR} 4. b3 c5 5. Bb2 Nc6 6. cxd5 Nxd5 7. Be2 e6 8. O-O Nf6 9. d4 Bd7 10. Nbd2 b5 11. Rc1 cxd4 12. Nxd4 Nxd4 13. Bxd4 Ba3 14. Rc2 O-O 15. Bf3 Rc8 16. Rxc8 Bxc8 17. Qa1 e5 18. Nb1 exd4 {Winterberg,L (2394)-Pulpan,J (2422) Chess.com INT 2022 0-1 (35)}) 4... Qxd5 5. Nc3 Qa5 6. d4 c6 7. Bc4 b5 8. Bb3 Bf5 9. O-O e6 10. Re1 Bb4 11. Bd2 Qb6 12. e4 Bxc3 13. exf5 Bxd2 14. Qxd2 O-O 15. fxe6 fxe6 16. Rxe6 Kh8 17. Rc1 Qb7 18. Ne5 a5 19. a3 Ra6 20. Qe2 Qa7 21. Qe3 Nd5 22. Bxd5 cxd5 23. Qf3 Kg8 24. Qxf8+ 1-0

[Event "45th FIDE Chess Olympiad Open"]
[Site "Budapest, Hungary"]
[Date "2024.09.11"]
[Round "1"]
[White "Maharaj, Yash Krishen"]
[Black "Fitzsimons, David"]
[Result "0-1"]
[WhiteElo "1847"]
[BlackElo "2315"]
[PlyCount "54"]
[EventDate "2024.??.??"]
[WhiteTeam "Fiji"]
[BlackTeam "Ireland"]
[WhiteTeamCountry "FIJ"]
[BlackTeamCountry "IRL"]
[WhiteClock "0:08:22"]
[BlackClock "1:09:28"]

1. e4 c5 2. Nf3 d6 3. d4 cxd4 4. Nxd4 Nf6 5. Nc3 a6 6. f3 e5 7. Nb3 Be6 8. Be3 h5 9. Qd2 Nbd7 10. O-O-O b5 11. a3 ({RR} 11. Nd5 Bxd5 12. exd5 Nb6 13. Qc3 g6 14. Na5 Nbd7 15. Kb1 Rc8 16. Qa3 Qc7 17. c4 Bh6 18. Bxh6 Rxh6 19. Nc6 Kf8 20. cxb5 axb5 21. Bxb5 Kg7 22. Rc1 Qb6 23. Qa6 Rhh8 24. Qxb6 Nxb6 25. Ne7 Rb8 {Cheparinov,I (2709)-Van Foreest,J (2614) Skopje 2018 1-0 (31)}) 11... Rc8 12. Kb1 Be7 13. Be2 ({RR} 13. f4 Qc7 14. Nd5 Bxd5 15. exd5 Ne4 16. Qd3 f5 17. Be2 g6 18. Bf3 Ndf6 19. Bxe4 Nxe4 20. Nd2 Nf6 21. Nb3 Ne4 22. Nd2 Nxd2+ 23. Qxd2 e4 24. Bd4 Rh7 25. Bc3 Qa7 26. g3 Bf8 27. h3 Rhc7 {Riehle,M (2368)-Vitiugov,N (2711) Viernheim GER 2024 0-1 (37)}) 13... Nb6 $146 ({RR} 13... Qc7 14. f4 Bc4 15. h3 h4 16. Bg4 Nxg4 17. hxg4 exf4 18. Bxf4 Ne5 19. Nd4 g6 20. g5 Be6 21. Bxe5 dxe5 22. Nd5 Bxd5 23. exd5 exd4 24. Qxd4 Rh5 25. d6 Qxd6 26. Qg7 h3 27. Qg8+ Kd7 28. Rxd6+ {Nokso Koivisto,A (2191)-Raisa,U (2110) Finland 2013 1-0 (34)}) 14. Rhg1 Qc7 15. Bxb6 Qxb6 16. f4 b4 17. axb4 Qxb4 18. Bxa6 Rb8 19. Bb5+ Rxb5 20. Nxb5 Qxb5 21. Rge1 O-O 22. h3 Ra8 23. Qd3 Qa4 24. Kc1 d5 25. exd5 Nxd5 26. Re4 Bb4 27. Kb1 Qa2+ 0-1

[Event "45th FIDE Chess Olympiad Open"]
[Site "Budapest, Hungary"]
[Date "2024.09.11"]
[Round "1.1"]
[White "Khalema, Sechaba"]
[Black "Mohammad Fahad, Rahman"]
[Result "0-1"]
[WhiteElo "1779"]
[BlackElo "2419"]
[PlyCount "40"]
[EventDate "2024.??.??"]
[WhiteTeam "Lesotho"]
[BlackTeam "Bangladesh"]
[WhiteTeamCountry "LES"]
[BlackTeamCountry "BAN"]
[WhiteClock "1:07:24"]
[BlackClock "0:35:59"]

1. d4 Nf6 2. c4 e6 3. Nf3 d5 4. Nc3 Bb4 5. cxd5 exd5 6. Bg5 h6 7. Bf4 ({RR} 7. Bd2 c6 8. Qc2 O-O 9. e3 Re8 10. Bd3 Qe7 11. Rc1 Nbd7 12. O-O Bd6 13. Nh4 Nb6 14. Nf5 Bxf5 15. Bxf5 Nc4 16. Be1 g6 17. Bh3 Nh7 18. g3 f5 19. Bg2 Nf6 20. a4 a5 21. b3 Nb6 {Radjabov,T (2751)-Palac,M (2583) Dresden 2008 ½-½ (32)}) 7... Ne4 ({RR} 7... O-O 8. e3 c5 9. Bd3 Nc6 10. dxc5 Bxc5 11. O-O Be6 12. Rc1 Nh5 13. Na4 Be7 14. Bg3 Nxg3 15. hxg3 Bf6 16. Bb1 Qd6 17. Nc5 Qe7 18. Nxe6 Qxe6 19. Qb3 Na5 20. Qd3 g6 21. b3 Rad8 22. Rfd1 {Mashchenko,T (1970)-Rodriguez Redondo,A (2152) Rhodes GRE 2024 0-1 (40)}) 8. Qb3 $146 ({RR} 8. Qc2 Nc6 9. e3 Bf5 10. Qc1 Ne7 11. Bd3 Ng6 12. O-O Bxc3 13. bxc3 c6 14. c4 O-O 15. Rd1 Re8 16. Bxe4 Bxe4 17. cxd5 Qxd5 18. Nd2 Nxf4 19. f3 Ne2+ 20. Kh1 Nxc1 21. fxe4 Qa5 22. Raxc1 Qxa2 {Bodnar,G-Horvath,L (2180) Pecs 1997 0-1 (37)}) ({RR} 8. Rc1 c5 9. dxc5 Nc6 10. Bd2 Nxd2 11. Nxd2 O-O 12. a3 Bxc3 13. Rxc3 d4 14. Rc1 Re8 15. Nc4 b6 16. e3 bxc5 17. Be2 Ne5 18. Nxe5 Rxe5 19. exd4 cxd4 20. O-O Be6 21. Bd3 a5 22. Re1 Qd6 {Moranda,W (2348)-Kislov,O (2227) Urgup 2004 1-0 (55)}) ({RR} 8. Rc1 c5 9. a3 Bxc3+ 10. bxc3 c4 11. Nd2 Bf5 12. f3 Nxd2 13. Qxd2 O-O 14. e4 Qe7 15. Be2 dxe4 16. O-O Nd7 17. fxe4 Bxe4 18. Bxc4 Nb6 19. Ba2 Kh7 20. c4 f5 21. c5 Nc8 22. d5 Rd8 {Voiska,M (2345)-Inkiov,V (2450) Chania 1992 1-0 (33)}) 8... c5 9. Bxb8 Rxb8 10. dxc5 Qa5 11. Rc1 Nxc5 12. Qc2 Qxa2 13. e3 O-O 14. Nd2 Bxc3 15. Qxc3 Na4 16. Qc7 Bf5 17. Qa5 Qxb2 18. Rd1 Bc2 19. Be2 Bxd1 20. Bxd1 Nc3 0-1

[Event "45th FIDE Chess Olympiad Open"]
[Site "Budapest, Hungary"]
[Date "2024.09.11"]
[Round "1.2"]
[White "Manon, Reja Neer"]
[Black "Thabang, Mphane"]
[Result "1-0"]
[WhiteElo "2417"]
[BlackElo "1799"]
[PlyCount "63"]
[EventDate "2024.??.??"]
[WhiteTeam "Bangladesh"]
[BlackTeam "Lesotho"]
[WhiteTeamCountry "BAN"]
[BlackTeamCountry "LES"]
[WhiteClock "0:08:28"]
[BlackClock "0:09:35"]

1. e4 Nf6 2. e5 Nd5 3. d4 d6 4. Nf3 Bg4 5. Be2 Nc6 6. c4 Nb6 7. exd6 cxd6 8. b3 g6 ({RR} 8... e5 9. d5 Ne7 10. O-O g6 11. h3 Bxf3 12. Bxf3 Bg7 13. Bb2 O-O 14. Nd2 f5 15. Be2 Rc8 16. a4 Nd7 17. Nf3 h6 18. b4 Qb6 19. Qd2 Nf6 20. a5 Qd8 21. Ne1 Ne4 22. Qe3 b6 23. Bd3 {Matura,M (1618)-Ramirez Esqueda,E (1931) Chess.com INT 2021 1-0 (31)}) 9. Bb2 Bg7 10. Qd2 ({RR} 10. Nbd2 d5 11. c5 Nd7 12. Rc1 O-O 13. O-O b6 14. cxb6 Qxb6 15. Ne5 Ndxe5 16. dxe5 Bf5 17. Nf3 Be4 18. Re1 Rfc8 19. Qd2 Bxf3 20. Bxf3 e6 21. g3 Rc7 22. Kg2 Rac8 23. Ra1 Nb4 24. Bd4 Qb7 {Diogo,V (2230)-Fernandes,A (2375) Lisbon 2015 0-1 (45)}) 10... d5 $146 ({RR} 10... O-O 11. O-O Rc8 12. d5 Bxf3 13. Bxf3 Ne5 14. Be2 Rc5 15. f4 Ned7 16. Bxg7 Kxg7 17. Nc3 Nf6 18. f5 Nbd7 19. Nb5 a6 20. Nd4 Ne5 21. h3 Qb6 22. Kh2 Rfc8 23. Nf3 Nxf3+ 24. Rxf3 Qd8 25. Re1 {Konstantinova,V-Richterova,J (1437) Budva 2013 1-0 (41)}) ({RR} 10... Bxf3 11. Bxf3 d5 12. c5 Nc8 13. b4 e6 14. b5 N6e7 15. O-O O-O 16. g3 Nf5 17. Bg2 Qf6 18. Rd1 Nce7 19. f4 Rfe8 20. a4 a6 21. Na3 axb5 22. axb5 Ra4 23. Nc2 Rea8 24. Rxa4 Rxa4 25. Ra1 {Bruned,B (2227)-Gineys,P Metz 2008 1-0 (50)}) ({RR} 10... O-O 11. Na3 Nd7 12. Nc2 e5 13. O-O e4 14. Nfe1 Bxe2 15. Qxe2 Re8 16. f4 Nf6 17. d5 Ne7 18. Ne3 Nf5 19. N1c2 Qb6 20. Kh1 Nh5 21. Nxf5 Bxb2 22. Rab1 Bh8 23. g4 Ng7 24. Nh6+ Kf8 25. f5 {Kantinti,S (2200)-Fesalbon,R (2200) Bled 2002 1-0 (45)}) 11. c5 Nd7 12. h3 Bf5 13. O-O O-O 14. b4 a6 15. a4 a5 16. b5 Nb4 17. Na3 Nf6 18. Qe3 Ne4 19. Ne5 Rc8 20. g4 Be6 21. f4 f5 22. g5 Bd7 23. h4 Be8 24. Rab1 h6 25. Nd3 hxg5 26. hxg5 Nxd3 27. Bxd3 Bd7 28. Kg2 Kf7 29. Rh1 e5 30. Bxe4 dxe4 31. Nc4 Be6 32. Nd6+ 1-0